The trouble makers: dissent over foreign policy 1792-1939
Saved in:
| Main Author: | |
|---|---|
| Format: | Book |
| Language: | English |
| Published: |
Londres
Panther Books
1969
|
| Series: | Panther History
|
| Subjects: | |
| Tags: |
Add Tag
No Tags, Be the first to tag this record!
|
MARC
| LEADER | 00000nam a2200000 a 4500 | ||
|---|---|---|---|
| 001 | UCO7625 | ||
| 003 | CL-VaPUC | ||
| 008 | 001117e19690000UK |||||||||||||||||eng|d | ||
| 082 | 0 | 4 | |a 327.0942 |b TAY |2 21 |
| 100 | 0 | |a Taylor, A. J |e author |9 452213 | |
| 245 | 1 | 4 | |a The trouble makers: dissent over foreign policy 1792-1939 |
| 300 | |a 190 p | ||
| 942 | |c BK | ||
| 945 | |d 20001117 00:00:00 |a crobeson | ||
| 260 | |a Londres |b Panther Books |c 1969 | ||
| 500 | |a Donación del profesor Manfred Wilhelmy von Wolff | ||
| 650 | 0 | |a Política exterior |9 316628 | |
| 650 | 0 | |a Relaciones Internacionales |9 255740 | |
| 650 | 7 | |a HISTORIA DIPLOMATICA 1792-1939 |2 CL-VaPUC |9 452214 | |
| 650 | 7 | |a CONFLICTOS INTERNACIONALES |2 CL-VaPUC |9 334143 | |
| 651 | 0 | |a Inglaterra |9 255158 | |
| 583 | |a last modification |c 20001117 00:00:00 |k Rodrigo Vera | ||
| 490 | 0 | |a Panther History | |
| 999 | |c 292513 |d 292511 | ||
| 952 | |0 0 |1 0 |4 0 |6 327_094200000000000_TAY_1969 |7 0 |8 A |9 343432 |a BIBHIS |b BIBHIS |d 2019-11-20 |i 1229044 |o 327.0942 TAY 1969 |p 1229044 |r 2025-01-20 |w 2019-11-20 |y BK |k HIS | ||